00197nam a2200073Ia 4500082001200000245001600012100005400028008004100082 aAF SMIT 0aDie lyfwag  a SMITH, Bets Pretoria, 2005 1ste uitg 210817s9999 xx 000 0 und d